000 00669nam a2200193Ia 4500
003 LDD
008 190117s9999 xx 000 0 und d
020 _a9788192922140
_c₹125
040 _cLDD
041 _ahi
082 _a8H1.71 रा2608ना
100 _aराजोरिया, हरिओम
245 0 _aनागरिक मत (कविता संग्रह)
_cहरिओम राजोरिया
260 _aदिल्ली
_bदखल प्रकाशन
_c2014
300 _a104p.
901 _aKGP
904 _aReqst by : Jitendra Kumar Srivasta
942 _2ddc
_cH
999 _c168393
_d168393